01466nam a2200277 a 450000100100000000500170001000800410002704000250006808200190009311000730011224500770018526001120026230000200037449000120039450400270040665000380043370000360047183000190050704900090052695201320053595201320066795201320079995201170093195201230104899900170117100002228420200930011651.0100921s1983 dr a 001 0 spa d aDO-SdBNPbspacBNPHU a631.526bR426g1 aRepública DominicanabSecretaría de Estado de Agricultura91776910aGuía técnica sobre el cultivo de la papa /cSamuel concepción Tio. aSantiago de los Caballeros, República Dominicana :bCentro de Desarrollo Agropecuario, Zona Norte,c1983. a45 p. ;c22 cm.1 aD-11-FT aBibliografía : p. 45 4aPapas (tuerculos)xCultivo9460391 aConcepción Tio, Samuel946040 0aD-11-FT946041 aBNPD 001054708DSaGRbGRcCTd2010-09-21iLF1l0o631.526 R426gp22284-30r2020-06-25te. 3w2020-06-25yLFDSZPréstamo en sala 001054708DSaGRbGRcCTd2010-09-21iLF1l0o631.526 R426gp22284-40r2020-06-25te. 4w2020-06-25yLFDSZPréstamo en sala 001054708DSaGRbGRcCTd2011-04-08iLF1l0o631.526 R426gp22284-50r2020-06-25te. 5w2020-06-25yLFDSZPréstamo en sala 0010718PDaPDbPDcCTd2010-09-21iLF1l0o631.526 R426gp22284-10r2020-06-25w2020-06-25yLFPDZNo se presta 0010718PDaPDbPDcCTd2010-09-21iLF1l0o631.526 R426gp22284-20r2020-06-25te. 2w2020-06-25yLFPDZNo se presta c21782d21782